| 000 | 01472nam0a2200349 i 4500 | ||
|---|---|---|---|
| 001 | RU\NLR\BIBL_A\011204817 | ||
| 005 | 20241103133806.0 | ||
| 010 |
_a9785906862822 _9150 |
||
| 021 |
_aRU _b2016-64238 _94101 |
||
| 035 | _a(NILC)RuMoRGB-008582083 | ||
| 035 | _a(NLR Aleph) 011204817 | ||
| 090 |
_a11943944 _c11943944 |
||
| 100 | _a20160905d2016 um y0rusy50 ca | ||
| 101 | 0 | _arus | |
| 102 | _aRU | ||
| 105 | _aa|||j|||000yy | ||
| 200 | 1 |
_aОсновы проектирования фирменного стиля _e[учебно-методическое пособие для ВУЗов] _fКоробанов А. В., Мирончук Е. В. |
|
| 210 |
_aМосква _cПеро _d2016 |
||
| 215 |
_a106 с. _cил. _d21 |
||
| 320 | _aБиблиогр.: с. 105-106 (26 назв.) | ||
| 606 |
_aФирменные знаки _jУчебно-методические пособия для высших учебных заведений _xОформление _91959434 _3RU\NLR\AUTH\66896814 |
||
| 606 |
_aБренд _jУчебно-методические пособия для высших учебных заведений _92134039 _3RU\NLR\AUTH\661287070 |
||
| 686 | 1 | _aЩ150.484.6я73 | |
| 686 | 1 | _aУ43(0)-361.4я73 | |
| 700 | 1 |
_aКоробанов _bА. В. |
|
| 701 | 1 |
_aМирончук _bЕ. В. |
|
| 801 | 0 |
_aRU _bРГБ _c20160817 _gRCR |
|
| 801 | 1 |
_aRU _bРГБ _c20160817 _2rusmarc |
|
| 942 | _cBOOK | ||
| 980 | _aNBR | ||